<?xml version='1.0' encoding='UTF-8'?>
  <record xmlns="http://www.loc.gov/MARC21/slim">
    <leader>00000cam a2200000 i 4500</leader>
    <controlfield tag="001">ocn769927317</controlfield>
    <controlfield tag="003">OCoLC</controlfield>
    <controlfield tag="005">20251028011949.4</controlfield>
    <controlfield tag="008">960104s1833    gw            000 0 lat d</controlfield>
    <datafield tag="040" ind1=" " ind2=" ">
      <subfield code="a">NLGGC</subfield>
      <subfield code="b">dut</subfield>
      <subfield code="e">fobidrtb</subfield>
      <subfield code="c">NLGGC</subfield>
      <subfield code="d">OCLCO</subfield>
      <subfield code="d">OCLCL</subfield>
      <subfield code="d">OCLCQ</subfield>
      <subfield code="d">OCLCA</subfield>
    </datafield>
    <datafield tag="029" ind1="0" ind2=" ">
      <subfield code="a">NLGGC</subfield>
      <subfield code="b">143792237</subfield>
    </datafield>
    <datafield tag="035" ind1=" " ind2=" ">
      <subfield code="a">(OCoLC)769927317</subfield>
    </datafield>
    <datafield tag="084" ind1=" " ind2=" ">
      <subfield code="a">42.51</subfield>
      <subfield code="2">bcl</subfield>
    </datafield>
    <datafield tag="100" ind1="1" ind2=" ">
      <subfield code="a">Martius, Carl Friedrich Philipp von,</subfield>
      <subfield code="d">1794-1868.</subfield>
      <subfield code="1">https://id.oclc.org/worldcat/entity/E39PBJd8cC7vQtr4XGq86WQcyd</subfield>
    </datafield>
    <datafield tag="245" ind1="1" ind2="0">
      <subfield code="a">Flora brasiliensis seu enumeratio plantarum in Brasilia tam sua sponte quam accedente cultura provenientium /</subfield>
      <subfield code="c">quas in itinere auspiciis Maximiliani Josephi I ... annis 1817-1820 peracto collegit, partim descripsit; alias a Maximiliano ... Widensi, Sellovio  aliisque advectas addidit, ...  secundum methodum naturalem dispositas et illustratas edidit C.F.Ph. de Martius</subfield>
      <subfield code="n">Vol. I,</subfield>
      <subfield code="p">Algae, Lichenes, Hepaticae. / expos. Martius, Eschweiler, Nees ab Esenbeck.</subfield>
    </datafield>
    <datafield tag="260" ind1=" " ind2=" ">
      <subfield code="a">Stuttgartiae et Tubingae :</subfield>
      <subfield code="b">sumptibus J. G. Cottae,</subfield>
      <subfield code="c">1833.</subfield>
    </datafield>
    <datafield tag="300" ind1=" " ind2=" ">
      <subfield code="a">390 p. ;</subfield>
      <subfield code="c">22 cm.</subfield>
    </datafield>
    <datafield tag="336" ind1=" " ind2=" ">
      <subfield code="a">tekst</subfield>
      <subfield code="b">txt</subfield>
      <subfield code="2">rdacontent/dut</subfield>
    </datafield>
    <datafield tag="337" ind1=" " ind2=" ">
      <subfield code="a">zonder medium</subfield>
      <subfield code="b">n</subfield>
      <subfield code="2">rdamedia/dut</subfield>
    </datafield>
    <datafield tag="338" ind1=" " ind2=" ">
      <subfield code="a">band</subfield>
      <subfield code="b">nc</subfield>
      <subfield code="2">rdacarrier/dut</subfield>
    </datafield>
    <datafield tag="650" ind1="1" ind2="7">
      <subfield code="a">Mycologie.</subfield>
      <subfield code="2">gtt</subfield>
      <subfield code="0">(NL-LeOCL)078598001</subfield>
    </datafield>
    <datafield tag="650" ind1="1" ind2="7">
      <subfield code="a">Wieren.</subfield>
      <subfield code="2">gtt</subfield>
      <subfield code="0">(NL-LeOCL)078429277</subfield>
    </datafield>
    <datafield tag="650" ind1="1" ind2="7">
      <subfield code="a">Korstmossen.</subfield>
      <subfield code="2">gtt</subfield>
      <subfield code="0">(NL-LeOCL)078564727</subfield>
    </datafield>
    <datafield tag="650" ind1="1" ind2="7">
      <subfield code="a">Hepaticae.</subfield>
      <subfield code="2">gtt</subfield>
      <subfield code="0">(NL-LeOCL)078532639</subfield>
    </datafield>
    <datafield tag="700" ind1="1" ind2=" ">
      <subfield code="a">Eschweiler, Fr. G.</subfield>
      <subfield code="q">(Franz Gerhard),</subfield>
      <subfield code="c">German physician and botanist,</subfield>
      <subfield code="d">1796-1831.</subfield>
      <subfield code="1">https://id.oclc.org/worldcat/entity/E39PCjBG9BdKqDpVyJcM63b9Qq</subfield>
    </datafield>
    <datafield tag="700" ind1="1" ind2=" ">
      <subfield code="a">Nees ab Esenbeck, C.G.,</subfield>
      <subfield code="c">German nature-philosopher, physician and botanist,</subfield>
      <subfield code="d">1776-1858</subfield>
      <subfield code="1">https://id.oclc.org/worldcat/entity/E39PBJymwhXm6gHrqRQyHXQ8YP</subfield>
    </datafield>
    <datafield tag="758" ind1=" " ind2=" ">
      <subfield code="a">Flora Brasiliensis Algae, lichenes, hepaticae. Exposuerunt Martius, Eschweiler, Nees ab Esenbeck (Text)</subfield>
      <subfield code="1">https://id.oclc.org/worldcat/entity/E39PCG79bCX4RvCGKYtG4RPDC3</subfield>
      <subfield code="4">https://id.oclc.org/worldcat/ontology/hasWork</subfield>
    </datafield>
    <datafield tag="773" ind1="0" ind2="8">
      <subfield code="7">nnam</subfield>
      <subfield code="i">(MP)</subfield>
      <subfield code="t">Flora brasiliensis seu enumeratio plantarum in Brasilia tam sua sponte quam accedente cultura provenientium</subfield>
      <subfield code="w">(NL-LeOCL)147614295</subfield>
    </datafield>
    <datafield tag="936" ind1=" " ind2=" ">
      <subfield code="a">BATCHLOAD</subfield>
    </datafield>
  </record>